UM Logo

Introductory algebra / (Record no. 7570)

MARC details
000 -LEADER
fixed length control field 00546nam a2200157 4500
008 - FIXED-LENGTH DATA ELEMENTS--GENERAL INFORMATION
fixed length control field 170925b xxu||||| |||| 00| 0 eng d
020 ## - INTERNATIONAL STANDARD BOOK NUMBER
International Standard Book Number 0-13-228834-6 (student ed.)
082 ## - DEWEY DECIMAL CLASSIFICATION NUMBER
Edition number 1999
Classification number DC 512.9
Item number Ga24i
100 ## - MAIN ENTRY--PERSONAL NAME
9 (RLIN) 22893
Personal name Martin-Gay, K. Elayn, 1955-
245 ## - TITLE STATEMENT
Title Introductory algebra /
Statement of responsibility, etc. K. Elayn Martin-Gay.
260 ## - PUBLICATION, DISTRIBUTION, ETC. (IMPRINT)
Place of publication, distribution, etc. Upper Saddle River, New Jersey :
Name of publisher, distributor, etc. Prentice Hall,
Date of publication, distribution, etc. ©1999.
300 ## - PHYSICAL DESCRIPTION
Extent xx, 704, A106, I-8 pages :
Other physical details illustrations (some color) ;
Dimensions 28 cm
500 ## - GENERAL NOTE
General note Includes index.
650 #0 - SUBJECT ADDED ENTRY--TOPICAL TERM
9 (RLIN) 22894
Topical term or geographic name as entry element Algebra
942 ## - ADDED ENTRY ELEMENTS (KOHA)
Source of classification or shelving scheme Dewey Decimal Classification
Koha item type Circulation
Holdings
Withdrawn status Lost status Source of classification or shelving scheme Damaged status Not for loan Collection code Home library Current library Date acquired Source of acquisition Total Checkouts Full call number Barcode Date last seen Copy number Price effective from Koha item type
    Dewey Decimal Classification     Circulation UM Digos College - LIC UM Digos College - LIC 04/21/2006 Purchased   DC 512.9 Ga24i 1999 18500 05/15/2025 1 10/02/2017 Circulation